Нормален изглед
MARC изглед
- Арнаудов, Апостол
Вход 01. Лично име
001 - Контролен номер на записа
- Контролно поле: 336818
003 - Код на организацията, даваща контролен номер
- Контролно поле: BLK
005 - Дата и час на последна промяна на записа
- Контролно поле: 20240319134609.0
008 - Данни с фиксирана дължина – обща информация
- Данни с фиксирана дължина : 180420|| aca||aabn | a|a d
100 ## - ИМЕ НА ЛИЦЕ -ПЪРВИЧНА ИНТЕЛЕКТУАЛНА ОТГОВОРНОСТ
- Лично име: Арнаудов, Апостол
- Дати, свързани с автора: 23.ІХ.1905 - 7.VІІ.1985
- Друга информация: Учител
942 ## - Системна служебна употреба
- Koha auth type: PERSO_NAME